000 01546cam a2200265 i 4500
003 SA-RiAUC
005 20251109085525.0
008 251020s2007 ye a g 000 0 ara c
040 _aSA-JeALM
_bara
_cSA-RiAUC
_erda
082 0 4 _a258.7
_qSA-RiAUC
090 _a258.7
_bم هـ د
100 1 _aالمهدي لدين الله، أحمد بن يحيى بن المرتضى،
_d775-840 هجري
_eمؤلف.
245 1 0 _aكتاب الأزهار في فقه الأئمة الأطهار /
_cأحمد بن يحيى المرتضى. ويليه مفتاح الفايض في علم الفرايض / الفضل بن أبي السعد العصيفري. ويليه تهذيب العقول في علم الأصول / عبد الواسع بن يحيى الواسعي.
246 3 0 _aالأزهار في فقه الآئمة الأطهار
250 _aالطبعة الرابعة.
264 1 _a[مكان النشر غير محدد] :
_b[الناشر غير محدد]،
_c1974
300 _a335 + 36 + 59 صفحة .
_c24 سم.
336 _aنص
_btxt
_2rdacontent
_3كتاب
337 _aبدون وسيط
_bn
_2rdamedia
650 7 _aفقه الزيدية
_2aucsh
700 1 2 _iمع (عمل) :
_aالعصيفري، الفضل بن أبي السعد،
_dتوفي 750 هجري
_tمفتاح الفايض في علم الفرايض.
700 1 2 _iمع (عمل) :
_aالواسعي، عبد الواسع بن يحيى،
_d1295-1379 هجري
_tتهذيب العقول في علم الأصول.
942 _2ddc
_cBOOK
_n0
949 _aSA-JeALM
_d251020
_uosman123
_n1
999 _c13095
_d13095